| 000 | 00469nam a2200121Ia 4500 | ||
|---|---|---|---|
| 008 | 220620s9999||||xx |||||||||||||| ||und|| | ||
| 100 | _aFisher, Anna Watkins | ||
| 245 | 4 |
_aThe Play in the System _bThe Art of Parasitical Resistance |
|
| 546 | _aEnglish[eng] | ||
| 650 | _aparasitism; resistance; complicity; hospitality; neoliberal; performance; feminism | ||
| 856 | _uhttps://library.oapen.org/bitstream/20.500.12657/42579/1/9781478091660_Fisher_text.pdf | ||
| 942 | _cEB | ||
| 999 |
_c33995 _d33995 |
||